000 00306nam a2200121Ia 4500
008 191206s9999 xx 000 0 und d
090 _aPR13CN2003
245 0 _aFor whom the bell tolls
260 _as.n.]
260 _ccc1957
300 _a1 print (poster) : color ; 28 x 35.5 cm.
999 _c15998
_d15998